000 00762nas a2200253 4500
001 BR2011001792
003 BR-BrBNA
005 20231205114908.0
007 ta
008 230509b bl.|||p| |||| 00| 00por d
040 _aBR-BrBNA
_bpor
_cBiblioteca Nacional de Agricultura
041 _a(Pt)
072 _aF01
100 1 _aHaesbaert, F.M.
100 1 _aSantos, D.
100 1 _aLúcio, A.D.
245 1 _aTamanho de amostra para experimentos com feijão-de-vagem em diferentes ambientes
650 _aFEIJÃO TREPADOR
650 _aAMOSTRAGEM
650 _aPRÁTICA CULTURAL
773 0 _tCiência Rural (Brazil)
_xISSN 0103-8478
_g(Jan 2011), v. 41(1) p. 38-44
_wBR2011001792
909 _a202311
_bLúcia
_c55
_dLúcia Elande
942 _2AGRIS
_n0
_cANA
999 _c211073
_d211073